Estadísticas para Número de cosas - Opción múltiple #3

Haz click aquí para tomar la prueba!

Estadísticas generales

  • Esta prueba ha sido tomada 57 veces
  • La puntuación promedio es 7 de 12

Estadísticas de respuestas

PreguntaRespuesta% Correcto
¿Cuál es el número de agente de James Bond?007
96%
¿Cuántos 'sombras de Grey'?50
87%
¿Cuántos miembros había en los Beatles?4
87%
¿Cuántos países hay en África?54
77%
¿Cuántas estrellas hay en la bandera australiana?6
56%
¿Cuántos países hay en la Liga Árabe?22
46%
¿Cuántos problemas tiene Jay-Z según su canción?99
44%
¿Cuántos 'Países bálticos' hay?3
44%
¿Cuántas nominaciones al Oscar han tenido Meryl Streep (marzo de 2019)?21
42%
¿Cuántos países tienen el español como idioma oficial?21
38%
¿Cuántas naciones isleñas hay en el mundo?48
35%
¿Cuántos jugadores en el campo por equipo de fútbol americano?11
29%

Distribución de puntuación

Porcentaje por número respondido

Porcentaje de gente con cada puntuación

Historial de tus puntuaciones

No has tomado esta prueba